01119aab a2200193 i 4500001001000000003001000010005001700020008004100037040003000078041000800108100002700116245014400143300007700287520040400364650001800768773011400786942000800900999001700908768714001CO-MdFUSB20240618062717.0221108s1998 ag ||||| |||| 00| 0 spa d bspacCO-MdFUSBdCO-MdFUSB aspa1 aBrepohl, Dietereautor10aMisión en la universidad latinoamericana :b40 Años de la Comunidad Internacional de Estudiantes Evangélicos (CIEE)c/ Dieter Brepohl aVolumen 17, número 1 (enero - marzo, 1998), páginas: 6 - 10c; 27 cm aLa universidad ha sido desde sus comienzos foco de vanguardia en la sociedad. También, muchos de los movimientos de renovación cristiana tuvieron su inicio en la universidad e influyeron posteriormente en la iglesia y en toda la sociedad. Este será el tiempo de un nuevo y gran avance en la obra estudiantil, para que la universidad latinoamericana escuche la voz de Dios y adore a Jesucristo. 0aMisiones91540 tIglesia y Misión049402959635gVolumen 17, número 1 (enero - marzo, 1998), páginas: 6-10qPáginas: 6 cANA c52277d52277